Annual review of ecology evolution and systematics / (Registro nro. 16692)
[ vista simple ]
| 000 -CABECERA | |
|---|---|
| Campo de control | 00956cas a2200265 a 4500 |
| 005 - FECHA Y HORA DE LA ULTIMA TRANSACCION | |
| Campo de control | 20170424145256.0 |
| 008 - ELEMENTOS DE LONGITUD FIJA—INFORMACION GENERAL | |
| Campo de control | 950609s19710000-us 0 eng d |
| 022 ## - ISSN | |
| ISSN | 1543-592X |
| 040 ## - FUENTE DE CATALOGACIÓN | |
| Agencia catalogadora original | CO-BoPUJ |
| Agencia transcriptora | CO-BoIAVH |
| Agencia Modificadora | CO-BoIAVH |
| 041 0# - IDIOMA | |
| Código de idioma para texto/pista de sonido o título separado | Español |
| 044 ## - PAÍS DE PUBLICACIÓN | |
| País de publicación | Colombia |
| 090 ## - CLASIFICACIÓN LOCAL | |
| Colección | SE |
| 245 00 - MENCION DE TITULO | |
| Título | Annual review of ecology evolution and systematics / |
| Mención de responsabilidad | editado por Daphne Gail Fautin ; investigadores asociados Douglas J. Futuyma y Frances C. James |
| 260 ## - PUBLICACION, DISTRIBUCION, ETC. (PIE DE IMPRENTA) | |
| Lugar de publicación, distribución, etc. | California : |
| Nombre del editor, distribuidor, etc. | Annual Reviews, |
| Fecha de publicación, distribución, etc. | 1970-. |
| 300 ## - DESCRIPCION FISICA | |
| Dimensiones | 24 x 15 cm. |
| 310 ## - FRECUENCIA ACTUAL DE LA PUBLICACIÓN | |
| Frecuencia actual de la publicación | Anual |
| 650 16 - ASIENTO SECUNDARIO DE MATERIA - TERMINO TEMATICO | |
| Término temático o nombre geográfico como elemento de entrada | Ecología |
| Subdivisión de forma | Publicaciones periódicas |
| 9 (RLIN) | 81086 |
| 650 24 - ASIENTO SECUNDARIO DE MATERIA - TERMINO TEMATICO | |
| Término temático o nombre geográfico como elemento de entrada | Ecosistemas |
| Subdivisión de forma | Publicaciones periódicas |
| 9 (RLIN) | 81087 |
| 650 26 - ASIENTO SECUNDARIO DE MATERIA - TERMINO TEMATICO | |
| Término temático o nombre geográfico como elemento de entrada | Biodiversidad |
| Subdivisión de forma | Publicaciones periódicas |
| 9 (RLIN) | 81088 |
| 700 1# - ASIENTO SECUNDARIO - NOMBRE PERSONAL | |
| Nombre personal | Fautin, Daphne Gail |
| Término de relación | editor |
| 700 1# - ASIENTO SECUNDARIO - NOMBRE PERSONAL | |
| Nombre personal | Futuyma, Douglas J. |
| Término de relación | editor |
| 700 1# - ASIENTO SECUNDARIO - NOMBRE PERSONAL | |
| Nombre personal | James, Frances C. |
| Término de relación | editor |
| 780 ## - ASIENTO DEL TITULO ANTERIOR | |
| Asiento principal | Annual review of ecology and systematics |
| 942 ## - ELEMENTOS ADICIONALES (KOHA) | |
| Sistema de clasificación | Local |
| Tipo de ítem | Periodica o revista |
| Withdrawn status | Lost status | Sistema de Clasificación | Damaged status | No para préstamo | Colección | Fecha publicación (Año) | Volumen revista | Inventariado | Ubicación Permanente | Ubicación actual | Fecha de adquisición | Fuente de adquisición | Precio | Datos de publicación Seriada | Total Checkouts | Número topográfico | Inventario / Código de Barras | Date last seen | Ejemplar | Price effective from | Forma de adquisición | Tipo de material |
|---|---|---|---|---|---|---|---|---|---|---|---|---|---|---|---|---|---|---|---|---|---|---|
| Local | Hemeroteca | 1998 | 29 | Inventariado 2017 | Bogotá | Bogotá | 30/07/2001 | CID Humboldt | 100.00 | Volumen 29 (1998) | SE | 005884 | 25/03/2015 | Ej. 1 | 25/03/2015 | Compra | Periodica o revista | |||||
| Local | Hemeroteca | 1999 | 30 | Inventariado 2017 | Bogotá | Bogotá | 30/07/2001 | CID Humboldt | 100.00 | Volumen 30 (1999) | SE | 005885 | 25/03/2015 | Ej. 1 | 25/03/2015 | Compra | Periodica o revista |